Szczegóły MARC21

The European Union and South Korea : the legal framework for strengthening trade, economic and political relations /

003 -Nazwa inst., której nr kontr. jest w polu 001 [,]
    • @
    • Nazwa instytucji, której n kontrolny jest w polu 001
    • NUKAT
005 -DATA I CZAS OSTATNIEJ MODYFIKACJI [,]
    • @
    • pole kontrolne
    • 20241231102339.0
020 -Międzynarod. znormalizowany nr książki - ISBN [ , ]
    • a
    • Numer ISBN
    • 9780748668601 Find
    • q
    • Dopowiedzenie
    • hardback
020 -Międzynarod. znormalizowany nr książki - ISBN [ , ]
    • a
    • Numer ISBN
    • 9780748668618 Find
    • q
    • Dopowiedzenie
    • webready PDF
020 -Międzynarod. znormalizowany nr książki - ISBN [ , ]
    • a
    • Numer ISBN
    • 9780748668632 Find
    • q
    • Dopowiedzenie
    • Amazon ebook
020 -Międzynarod. znormalizowany nr książki - ISBN [ , ]
    • a
    • Numer ISBN
    • 9780748668625 Find
    • q
    • Dopowiedzenie
    • epub
040 -Instytucja sporządzająca opis [ , ]
    • a
    • Instytucja, która sporządziła opis (NP)
    • WA U/mg
    • c
    • Instytucja, która sporządziła rekord (NP)
    • WA U/mgs
    • d
    • Instytucja, która zmodyfikowała rekord (P)
    • WA U/JL
942 -Rodzaj dokumentu [ , ]
    • c
    • Rodzaj dokumentu
    • Książka
245 -Strefa tytułu i oznaczenia odpowiedzialności [0,4]
    • a
    • Tytuł
    • The European Union and South Korea : Find
    • b
    • Ciąg dalszy tytułu (NP)
    • the legal framework for strengthening trade, economic and political relations / Find
    • c
    • Pozostałe elementy strefy tytułu i oznaczenia odpowiedzialności (NP)
    • ed. by James Harrison.
260 -Strefa adresu wydawniczego [ , ]
    • a
    • Miejsce wydania (P)
    • Edinburgh :
    • b
    • Nazwa wydawcy (P)
    • Edinburgh University Press,
    • c
    • Data wydania (P)
    • cop. 2013.
300 -Strefa opisu fizycznego [ , ]
    • a
    • Określenie formy książki i/lub objętość (NP)
    • XIII, 249 s. ;
    • c
    • Format (NP)
    • 24 cm.
336 -Typ zawartości [ , ]
    • a
    • Termin opisujący typ zawartości
    • Tekst
    • b
    • Kod określający zawartość
    • txt
    • 2
    • Źródło (terminu i kodu)
    • rdacontent
337 -Typ mediów [ , ]
    • a
    • Tryb odtwarzania
    • Bez urządzenia pośredniczącego
    • b
    • Kod typu mediów
    • n
    • 2
    • Źródło (terminu i kodu)
    • rdamedia
338 -Typ/rodzaj nośnika [ , ]
    • a
    • Hasło opisujące typ nośnika
    • Wolumin
    • b
    • Kod typu nośnika
    • nc
    • 2
    • Źródło (terminu i kodu)
    • rdacarrier
504 -Uwaga dot. bibliogr. załącznikowej [ , ]
    • a
    • Uwaga dot. bibliografii załącznikowej
    • Indeks.
080 -Uniwersalna Klasyfikacja Dziesiętna [ , ]
    • 2
    • Identyfikator wydania tablic
    • UDC-P058
    • 9
    • UKD
    • 2892
    • a
    • Symbol klasyfikacji
    • 327
    • b
    • Dopowiedzenie
    • Międzynarodowe stosunki polityczne. Polityka światowa. Polityka międzynarodowa. Polityka zagraniczna. Dyplomacja.
    • 4
    • UKD2
    • 7975
    • x
    • Poddział wspólny
    • (4-67)
    • c
    • Dopowiedzenie poddz. wspólnego
    • (Kraje Unii Europejskiej).
    • 4
    • UKD2
    • 45408
    • x
    • Poddział wspólny
    • (519.5)
    • c
    • Dopowiedzenie poddz. wspólnego
    • (Korea Południowa. Republika Korei).
    • 4
    • UKD2
    • 7644
    • x
    • Poddział wspólny
    • =111
    • c
    • Dopowiedzenie poddz. wspólnego
    • =Język angielski.
080 -Uniwersalna Klasyfikacja Dziesiętna [ , ]
    • 2
    • Identyfikator wydania tablic
    • UDC-P058
    • 9
    • UKD
    • 3313
    • a
    • Symbol klasyfikacji
    • 339.5
    • b
    • Dopowiedzenie
    • Handel zagraniczny. Handel międzynarodowy. Polityka handlu zagranicznego. Cła.
    • 4
    • UKD2
    • 7975
    • x
    • Poddział wspólny
    • (4-67)
    • c
    • Dopowiedzenie poddz. wspólnego
    • (Kraje Unii Europejskiej).
    • 4
    • UKD2
    • 45408
    • x
    • Poddział wspólny
    • (519.5)
    • c
    • Dopowiedzenie poddz. wspólnego
    • (Korea Południowa. Republika Korei).
    • 4
    • UKD2
    • 7644
    • x
    • Poddział wspólny
    • =111
    • c
    • Dopowiedzenie poddz. wspólnego
    • =Język angielski.
651 -Hasło przedmiotowe w formie nazwy geograficznej [ ,7]
    • a
    • Nazwa geograficzna
    • Kraje Unii Europejskiej
    • x
    • Określnik rzeczowy
    • stosunki zagraniczne
    • z
    • Określnik geograficzny
    • Korea Południowa.
    • 2
    • Źródło terminu
    • kaba
    • 9
    • KHW
    • 385764
651 -Hasło przedmiotowe w formie nazwy geograficznej [ ,7]
    • a
    • Nazwa geograficzna
    • Korea Południowa
    • x
    • Określnik rzeczowy
    • stosunki zagraniczne
    • z
    • Określnik geograficzny
    • Kraje Unii Europejskiej.
    • 2
    • Źródło terminu
    • kaba
    • 9
    • KHW
    • 385765
651 -Hasło przedmiotowe w formie nazwy geograficznej [ ,7]
    • a
    • Nazwa geograficzna
    • Kraje Unii Europejskiej
    • x
    • Określnik rzeczowy
    • umowy handlowe.
    • 2
    • Źródło terminu
    • kaba
    • 9
    • KHW
    • 385763
651 -Hasło przedmiotowe w formie nazwy geograficznej [ ,7]
    • a
    • Nazwa geograficzna
    • Korea Południowa
    • x
    • Określnik rzeczowy
    • umowy handlowe.
    • 2
    • Źródło terminu
    • kaba
    • 9
    • KHW
    • 385766
980 -Symbol UKD [ , ]
    • a
    • UKD
    • 327:339.5](4-67:519.5)=111
700 -Hasło dodatkowe - nazwa osobowa [1, ]
    • a
    • Nazwa osobowa (NP)
    • Harrison, James Find
    • d
    • Daty biograficzne (NP)
    • (1979- ).
    • e
    • Określenie rodzaju współpracy
    • Red.
    • 9
    • KHW
    • 72132
710 -Hasło dodatkowe - nazwa ciała zbiorowego [2, ]
    • a
    • Nazwa ciała zbiorowego lub nazwa geograficzna jako pierwszy element (NP)
    • Edinburgh University Press.
    • 4
    • Kod relacji
    • pbl
    • 9
    • KHW
    • 71156
920 -ISBN [ , ]
    • a
    • ISBN
    • 978-0-7486-6860-1 Find
    • q
    • Dopowiedzenie
    • hardback
920 -ISBN [ , ]
    • a
    • ISBN
    • 978-0-7486-6861-8 Find
    • q
    • Dopowiedzenie
    • webready PDF
920 -ISBN [ , ]
    • a
    • ISBN
    • 978-0-7486-6862-5 Find
    • q
    • Dopowiedzenie
    • epub
920 -ISBN [ , ]
    • a
    • ISBN
    • 978-0-7486-6863-2 Find
    • q
    • Dopowiedzenie
    • Amazon ebook
Data inwentaryzacji Obwoluta Lokalizacja Status udost. Numer inwentarzowy Sygnatura
2014-03-281T-2T.15720T.15720